Name a Valid State with each Last Letter - Statistics

General Stats
  • This quiz has been taken 428 times
  • The average score is 10 of 12
Answer Stats
Letter States % Correct
A Alabama | Alaska | Arizona | California | Florida | + 24 more
100%
O Colorado | Idaho | New Mexico | Ohio
96%
S Arkansas | Illinois | Kansas | Massachusetts | Texas
95%
E Delaware | Maine | New Hampshire | Tennessee
95%
N Michigan | Oregon | Washington | Wisconsin
92%
I Hawaii | Mississippi | Missouri
91%
D Maryland | Rhode Island
88%
Y Kentucky | New Jersey
87%
T Connecticut | Vermont
83%
K New York
73%
H Utah
71%
G Wyoming
69%
No matching quizzes found
Score Distribution
Percent of People with Each Score
Percentile by Number Answered
Your Score History
You have not taken this quiz